000 01102nam2a2200277 4500
001 RU\NLR\bibl\1462991
005 20250615235520.0
010 _a978-5-360-01790-5
_bч. 2
_915000
021 _aRU
_b2009-97409
_96188
021 _aRU
_b2010-57149
_93745
035 _a(NLR Aleph) 001454736
090 _a1545404
_c1545404
100 _a20100120d2010 |||y0rusy50 ca
101 0 _arus
102 _aRU
105 _aa |||||||||
200 0 _aЧ. 2
210 _d2010 [т.е. 2009]
_aБ. м.
215 _a126 с.
_cцв. ил.
300 _aКн. фактически изд. в 2009 г.
461 0 _1001RU\NLR\bibl\1475447
_12001#$aМатематика$vЧ. 2
_91620086
_aРудницкая, В. Н.
_cМосква
_d2010
_eИзд. 3-е, перераб.
_fВ.Н. Рудницкая
_nВентана-Граф
_o1 класс : учебник для учащихся общеобразовательных учреждений : в 2 ч.
_tМатематика
_y978-5-360-01791-2
_vЧ. 2
801 0 _aRU
_bNLR
_c20100120
_gRCR
801 1 _aRU
_bNLR
_c20100120
942 _cBOOK
980 _aNB